Hevea disease resistance breeding: Initial results on yield performance and disease resistance of segregating population (Record no. 49253)

MARC details
000 -LEADER
fixed length control field 00879nam a2200217Ia 4500
100 ## - MAIN ENTRY--AUTHOR NAME
Personal name Narayanan C
245 #0 - TITLE STATEMENT
Title Hevea disease resistance breeding: Initial results on yield performance and disease resistance of segregating population
260 ## - PUBLICATION, DISTRIBUTION, ETC. (IMPRINT)
Name of publisher Natural Rubber Industry: An Asset for Socio-economic development and preservation of the Environment: Proceedings of the International Rubber Conference, IRC 2018, 22-23 October 2018, International Rubber Research and Development Board, Abidjan, Cote D' Ivoire, pp. 41-50.
650 ## - SUBJECT ADDED ENTRY--TOPICAL TERM
Topical Term Colletotrichum
650 ## - SUBJECT ADDED ENTRY--TOPICAL TERM
Topical Term Corynespora
650 ## - SUBJECT ADDED ENTRY--TOPICAL TERM
Topical Term Disease resistance breeding
650 ## - SUBJECT ADDED ENTRY--TOPICAL TERM
Topical Term Hevea clones
650 ## - SUBJECT ADDED ENTRY--TOPICAL TERM
Topical Term Integrated disease management
650 ## - SUBJECT ADDED ENTRY--TOPICAL TERM
Topical Term Microcyclus ulei
650 ## - SUBJECT ADDED ENTRY--TOPICAL TERM
Topical Term Phytophthora
650 ## - SUBJECT ADDED ENTRY--TOPICAL TERM
Topical Term Wild germplasm
700 ## - ADDED ENTRY--PERSONAL NAME
Personal name Mydin K.K
700 ## - ADDED ENTRY--PERSONAL NAME
Personal name Philip S
942 ## - ADDED ENTRY ELEMENTS (KOHA)
Koha item type Bibliography STAF
Holdings
Withdrawn status Lost status Damaged status Not for loan Home library Current library Shelving location Date acquired Koha item type
      Bibliography RRII Library RRII Library Botany 01/01/2019 Bibliography STAF